000 00575nam a2200205Ia 4500
005 20250326145604.0
008 250326s9999 xx 000 0 und d
020 _a9788131503232
037 _aTextbook
040 _aFMSL
_beng
_cFMSL
041 _aeng
_2eng
084 _aB P3;1
_qFMSL
100 _aLattin J
_9749805
245 0 _aAnalyzing multivariate data
_cLattin J; Carroll J D And Others
260 _aIndia
_bIndia, Thomson Learning
_c2003
300 _a556p
650 _aS; Statistics
_9751439
942 _cTB
_hB P3;1
999 _c1308102
_d1308102